000 00941cam a22003013a 4500
001 16407053
003 OSt
005 20140310182244.0
008 990203s1999 nyu j 000 1 eng d
010 _a 99611267
020 _a0553486039 (pbk.)
035 _a(OCoLC)ocm40728335
040 _aVIA
_cVIA
_dSLC
_dOCL
_dDLC
050 _aPZ 7
_b.Su968s1 1999
082 _aFIC
_bS9svj #1
100 1 _aSuzanne, Jamie.
_94455
245 1 0 _aGet real /
_cwritten by Jamie Suzanne; created by Francine Pascal.
260 _aNew York, N.Y. :
_bBantam Books,
_cc1999.
300 _a152 p. ;
_c20 cm.
440 0 _aSweet valley jr. high
_n#1
_919336
650 _aFiction
_9746
655 7 _aYoung adult fiction.
_2lcsh
_93735
700 1 _aPascal, Francine.
_93767
710 2 _aCopyright Paperback Collection (Library of Congress)
_5DLC
_9705
906 _a7
_bcbc
_ccopycat
_d2
_encip
_f19
_gy-genrareb
942 _2lcc
_cBK-FIC
999 _c11215
_d11215